00545nam a22001217a 4500082001300000100003800013245008700051260005700138300002100195942001200216999001900228952017600247 a347.4106 aMonir, M ; Shamsi, Muhammad Imran aLaw of Evidence (Qanun-e-Shahadat, 1984) Vol II /cM Monir ; Muhammad Imran Shamsi aLahore :bHassan Haider Law Books Publishers,c2019. a2079 p. ;c24cm. 2ddccBK c540994d540994 00102ddc3CSS Corner Book40709500953aNLSbNLScCSSd2020-11-16eAllied Book Companyl1o347.4106 SHApCL-439r2026-01-26s2026-01-20w2020-11-16yCSSzCSS Corner Book